Największe państwa na każdą literę - Statystyki

Ogólne statystyki
  • Ten quiz został rozwiązany 128 razy
  • Średni wynik to 17 z 23
Statystyki odpowiedzi
Odpowiedź % Poprawnych
C Chiny
98%
R Rosja
96%
S Stany Zjednoczone
90%
A Australia
88%
Ł Łotwa
87%
B Brazylia
86%
O Oman
85%
K Kanada
84%
F Francja
82%
I Indie
82%
J Jemen
74%
Z Zimbabwe
71%
H Hiszpania
68%
W Wenezuela
67%
D Demokratyczna Republika Konga
65%
U Ukraina
65%
E Etiopia
63%
M Meksyk
62%
P Peru
58%
N Niger
56%
L Libia
54%
T Tanzania
46%
G Gabon
44%
Nie znaleziono quizów pasujących do podanych kryteriów
Rozkład punktacji
Procent ludzi z każdym wynikiem
Percentyl według liczby udzielonych odpowiedzi
Twoja historia wyników
Nie rozwiązałeś tego quizu